00814 a2200193 4500003000500000005001700005040000900022082001400031100002900045245008900074260004300163300001200206505017600218600002800394650003300422942002300455999001900478952012300497NUST20221228135517.0 cNust a355.4,HIT aHitch, Charles J9106226 aThe Economics of Defense in the Nuclear Age /cCharles J. Hitch and Roland N. McKean aLondonbHarvard University pressc1960 a344 p.; aPart -1:- The Resources Available for Defense (Page-7), Part -2:- Efficiency in using Defense Resources (Page-105), Part -3:- Special Problems and Applications (Page-243). aCharles j Hitch9106227 aEconomics of Defense9106228 2ddccBKk355.4,HIT c186294d186294 00102ddc4070aMCSbMCScGENd2016-12-12o355.4,HITpMCS21909r2016-12-08w2016-12-12yBKzAlmirah No.53, Shelf No.3